| 000 | 00563cam a22001935a 4500 | ||
|---|---|---|---|
| 001 | 0000005348 | ||
| 005 | 20170406120545.0 | ||
| 008 | 980224s1997 enk 000 0 eng | ||
| 010 | _a 98118594 | ||
| 020 | _a0712677593 | ||
| 035 | _9(DLC) 98118594 | ||
| 040 |
_aDLC _cDLC |
||
| 050 | 0 | 0 | _aACQUISITION IN PROCESS |
| 100 | 1 | _aHumphreys, James. | |
| 245 | 1 | 0 |
_aNegotiating in the European Union : _bhow to make Brussels machine work for you / _cJames Humphreys. |
| 260 |
_aLondon : _bCentury, _c1997. |
||
| 300 | _a244 p. | ||
| 908 | _a141212 | ||
| 999 |
_c5148 _d5148 |
||